Normal view
MARC view
Entry Topical Term
001 - CONTROL NUMBER
- control field: 28029
003 - CONTROL NUMBER IDENTIFIER
- control field: OSt
005 - DATE AND TIME OF LATEST TRANSACTION
- control field: 20260609151625.0
008 - FIXED-LENGTH DATA ELEMENTS
- fixed length control field: 260609|| aca||aabn | a|a d
040 ## - CATALOGING SOURCE
- Original cataloging agency: OSt
- Transcribing agency: OSt
150 ## - HEADING--TOPICAL TERM
- Topical term or geographic name entry element: English language-composition and exercises-study and teaching9primary)-United States)
670 ## - SOURCE DATA FOUND
- Source citation: Work cat.: (OSt)23697: Calkins Lucy 27666, Poetry: powerful thoughts in tiny packages, 2003
